The World book encyclopedia. (Record no. 15111)
[ view plain ]
| 000 -LEADER | |
|---|---|
| fixed length control field | 02474cam a22004332 4500 |
| 001 - CONTROL NUMBER | |
| control field | 0000012756 |
| 005 - DATE AND TIME OF LATEST TRANSACTION | |
| control field | 20151217161143.0 |
| 008 - FIXED-LENGTH DATA ELEMENTS--GENERAL INFORMATION | |
| fixed length control field | 090318s xx 000 0 eng d |
| 020 ## - INTERNATIONAL STANDARD BOOK NUMBER | |
| International Standard Book Number | 0716601044 : |
| Terms of availability | KES 1 |
| 040 ## - CATALOGING SOURCE | |
| Original cataloging agency | KABU |
| Transcribing agency | KABU |
| 245 14 - TITLE STATEMENT | |
| Title | The World book encyclopedia. |
| 260 ## - PUBLICATION, DISTRIBUTION, ETC. (IMPRINT) | |
| Place of publication, distribution, etc. | Chicago : |
| Name of publisher, distributor, etc. | World Book, |
| Date of publication, distribution, etc. | 2004. |
| 300 ## - PHYSICAL DESCRIPTION | |
| Extent | 22 v. |
| 650 #0 - SUBJECT ADDED ENTRY--TOPICAL TERM | |
| Topical term or geographic name as entry element | Encyclopedias and dictionaries. |
| -- | 0000147988 |
| 852 1# - LOCATION | |
| -- | p10,000 KES (22 v. set) |
| 852 1# - LOCATION | |
| -- | p10,000 KES (22 v. set) |
| 852 1# - LOCATION | |
| -- | p10,000 KES (22 v. set) |
| 852 1# - LOCATION | |
| -- | p10,000 KES (22 v. set) |
| 852 1# - LOCATION | |
| -- | p10,000 KES (22 v. set) |
| 852 1# - LOCATION | |
| -- | p10,000 KES (22 v. set) |
| 852 1# - LOCATION | |
| -- | p10,000 KES (22 v. set) |
| 852 1# - LOCATION | |
| -- | p10,000 KES (22 v. set) |
| 852 1# - LOCATION | |
| -- | p10,000 KES (22 v. set) |
| 852 1# - LOCATION | |
| -- | p10,000 KES (22 v. set) |
| 852 1# - LOCATION | |
| -- | p10,000 KES (22 v. set) |
| 852 1# - LOCATION | |
| -- | p10,000 KES (22 v. set) |
| 852 1# - LOCATION | |
| -- | p10,000 KES (22 v. set) |
| 852 1# - LOCATION | |
| -- | p10,000 KES (22 v. set) |
| 852 1# - LOCATION | |
| -- | p10,000 KES (22 v. set) |
| 852 1# - LOCATION | |
| -- | p10,000 KES (22 v. set) |
| 852 1# - LOCATION | |
| -- | p10,000 KES (22 v. set) |
| 852 1# - LOCATION | |
| -- | p10,000 KES (22 v. set) |
| 852 1# - LOCATION | |
| -- | p10,000 KES (22 v. set) |
| 852 1# - LOCATION | |
| -- | p10,000 KES (22 v. set) |
| 852 1# - LOCATION | |
| -- | p10,000 KES (22 v. set) |
| 852 1# - LOCATION | |
| -- | p10,000 KES (22 v. set) |
| 908 ## - PUT COMMAND PARAMETER (RLIN) | |
| Put command parameter | 090318 |
| 950 ## - LOCAL HOLDINGS (RLIN) | |
| -- | 1 |
| Withdrawn status | Lost status | Source of classification or shelving scheme | Not for loan | Home library | Current library | Date acquired | Total Checkouts | Full call number | Barcode | Date last seen | Price effective from | Koha item type |
|---|---|---|---|---|---|---|---|---|---|---|---|---|
| Library of Congress Classification | Not For Loan | Kabarak, Main Campus | Kabarak, Main Campus | 17/12/2015 | AE5 .W67 2004 v. 1 c. 1 | 16925 | 17/12/2015 | 17/12/2015 | Reference | |||
| Library of Congress Classification | Not For Loan | Kabarak, Main Campus | Kabarak, Main Campus | 17/12/2015 | AE5 .W67 2004 v. 2 c. 1 | 16926 | 17/12/2015 | 17/12/2015 | Reference | |||
| Library of Congress Classification | Not For Loan | Kabarak, Main Campus | Kabarak, Main Campus | 17/12/2015 | AE5 .W67 2004 v. 3 c. 1 | 16927 | 17/12/2015 | 17/12/2015 | Reference | |||
| Library of Congress Classification | Not For Loan | Kabarak, Main Campus | Kabarak, Main Campus | 17/12/2015 | AE5 .W67 2004 v. 4 c. 1 | 16928 | 17/12/2015 | 17/12/2015 | Reference | |||
| Library of Congress Classification | Not For Loan | Kabarak, Main Campus | Kabarak, Main Campus | 17/12/2015 | AE5 .W67 2004 v. 5 c. 1 | 16929 | 17/12/2015 | 17/12/2015 | Reference | |||
| Library of Congress Classification | Not For Loan | Kabarak, Main Campus | Kabarak, Main Campus | 17/12/2015 | AE5 .W67 2004 v. 6 c. 1 | 16930 | 17/12/2015 | 17/12/2015 | Reference | |||
| Library of Congress Classification | Not For Loan | Kabarak, Main Campus | Kabarak, Main Campus | 17/12/2015 | AE5 .W67 2004 v. 7 c. 1 | 16931 | 17/12/2015 | 17/12/2015 | Reference | |||
| Library of Congress Classification | Not For Loan | Kabarak, Main Campus | Kabarak, Main Campus | 17/12/2015 | AE5 .W67 2004 v. 8 c. 1 | 16932 | 17/12/2015 | 17/12/2015 | Reference | |||
| Library of Congress Classification | Not For Loan | Kabarak, Main Campus | Kabarak, Main Campus | 17/12/2015 | AE5 .W67 2004 v. 9 c. 1 | 16933 | 17/12/2015 | 17/12/2015 | Reference | |||
| Library of Congress Classification | Not For Loan | Kabarak, Main Campus | Kabarak, Main Campus | 17/12/2015 | AE5 .W67 2004 v. 10 c. 1 | 16934 | 17/12/2015 | 17/12/2015 | Reference | |||
| Library of Congress Classification | Not For Loan | Kabarak, Main Campus | Kabarak, Main Campus | 17/12/2015 | AE5 .W67 2004 v. 11 c. 1 | 16935 | 17/12/2015 | 17/12/2015 | Reference | |||
| Library of Congress Classification | Not For Loan | Kabarak, Main Campus | Kabarak, Main Campus | 17/12/2015 | AE5 .W67 2004 v. 12 c. 1 | 16936 | 17/12/2015 | 17/12/2015 | Reference | |||
| Library of Congress Classification | Not For Loan | Kabarak, Main Campus | Kabarak, Main Campus | 17/12/2015 | AE5 .W67 2004 v. 13 c. 1 | 16937 | 17/12/2015 | 17/12/2015 | Reference | |||
| Library of Congress Classification | Not For Loan | Kabarak, Main Campus | Kabarak, Main Campus | 17/12/2015 | AE5 .W67 2004 v. 14 c. 1 | 16938 | 17/12/2015 | 17/12/2015 | Reference | |||
| Library of Congress Classification | Not For Loan | Kabarak, Main Campus | Kabarak, Main Campus | 17/12/2015 | AE5 .W67 2004 v. 15 c. 1 | 16939 | 17/12/2015 | 17/12/2015 | Reference | |||
| Library of Congress Classification | Not For Loan | Kabarak, Main Campus | Kabarak, Main Campus | 17/12/2015 | AE5 .W67 2004 v. 16 c. 1 | 16940 | 17/12/2015 | 17/12/2015 | Reference | |||
| Library of Congress Classification | Not For Loan | Kabarak, Main Campus | Kabarak, Main Campus | 17/12/2015 | AE5 .W67 2004 v. 17 c. 1 | 16941 | 17/12/2015 | 17/12/2015 | Reference | |||
| Library of Congress Classification | Not For Loan | Kabarak, Main Campus | Kabarak, Main Campus | 17/12/2015 | AE5 .W67 2004 v. 18 c. 1 | 16942 | 17/12/2015 | 17/12/2015 | Reference | |||
| Library of Congress Classification | Not For Loan | Kabarak, Main Campus | Kabarak, Main Campus | 17/12/2015 | AE5 .W67 2004 v. 19 c. 1 | 16943 | 17/12/2015 | 17/12/2015 | Reference | |||
| Library of Congress Classification | Not For Loan | Kabarak, Main Campus | Kabarak, Main Campus | 17/12/2015 | AE5 .W67 2004 v. 20 c. 1 | 16944 | 17/12/2015 | 17/12/2015 | Reference | |||
| Library of Congress Classification | Not For Loan | Kabarak, Main Campus | Kabarak, Main Campus | 17/12/2015 | AE5 .W67 2004 v. 21 c. 1 | 16945 | 17/12/2015 | 17/12/2015 | Reference | |||
| Library of Congress Classification | Not For Loan | Kabarak, Main Campus | Kabarak, Main Campus | 17/12/2015 | AE5 .W67 2004 v. 22 c. 1 | 16946 | 17/12/2015 | 17/12/2015 | Reference |